000 00485nam a2200133 a 4500
008 120416s1962 ||||||||||||||||| || u
050 _aTK 7888.3 Chu
100 _aChu, Yashan, 1920-
245 1 0 _aDigital Computer design fundamentals
260 _aLondon
_bMcGraw-Hill
_c1962
300 _axiv,481p. : ill.
350 _a0.00
995 _D0.00
_FCBU-MAIN LIBRARY (Kitwe)
_H1
_I7.90
_M1
_UAVAILABLE
_ZAnnex Low-Usage Collection
999 _c40153
_d40153